书目信息 |
| 题名: |
锆与铪
|
|
| 作者: | ;《稀有金属知识》编写组 编 | |
| 分册: | ||
| 出版信息: | 北京 冶金工业出版社 1976 |
|
| 页数: | 60页 | |
| 开本: | 19cm | |
| 丛书名: | 稀有金属知识 | |
| 单 册: | ||
| 中图分类: | TF841.4 | |
| 科图分类: | ||
| 主题词: | 锆 , 铪 , 稀有金属--有色金属冶金 | |
| 电子资源: | ||
| ISBN: | ||
| 000 | 00751nam0 2200265 45 | |
| 001 | 0176000648 | |
| 005 | 20060508165508.10 | |
| 010 | @dCNY0.17 | |
| 100 | @a19950927d1976 kemy0chiy0121 ea | |
| 101 | 0 | @achi |
| 102 | @aCN@b110000 | |
| 105 | @ay z 000yy | |
| 200 | 10 | @a锆与铪@Agao yu ha@f《稀有金属知识》编写组编@F《xi you jin shu zhi shi》bian xie zu bian |
| 210 | @a北京@c冶金工业出版社@d1976 | |
| 215 | @a60页@d19cm | |
| 225 | @a稀有金属知识 | |
| 410 | 0 | @12001 @a稀有金属知识 |
| 606 | @a锆 | |
| 606 | @a铪 | |
| 606 | 0 | @a稀有金属@x有色金属冶金 |
| 690 | @aTF841.4@v4 | |
| 711 | 0 | @a《稀有金属知识》编写组@A《xi you jin shu zhi shi》bian xie zu@4编 |
| 801 | 2 | @aCN@bNLC@c20060508 |
| 801 | 0 | @aCN@bTSSF |
| 905 | @a10447@dTF841.4@e6 | |
| 锆与铪/《稀有金属知识》编写组编.-北京:冶金工业出版社,1976 |
| 60页;19cm.-(稀有金属知识) |
| ISBN :CNY0.17 |
| ● |
| 相关链接 |
|
|
|
|
正题名:锆与铪
索取号:TF841.4/6
 
预约/预借
| 序号 | 登录号 | 条形码 | 馆藏地/架位号 | 状态 | 备注 |
| 1 | 0017937 | 202308751 | 密集书库/ [索取号:TF841.4/6] | 在馆 |